| 000 | 00466nam a2200145Ia 4500 | ||
|---|---|---|---|
| 008 | 200619s9999 xx 000 0 und d | ||
| 020 | _a971-080-598-3 | ||
| 100 | _aBogart, Doris Van de | ||
| 245 |
_cBogart, Doris Van de _aIntroduction to humanities : _bPainting, sculpture, architecture, music, and literature / |
||
| 250 | _a4th ed. | ||
| 260 |
_aMandaluyong : _bBarnes & Noble, Inc. _c1970 |
||
| 300 | _a422 pages | ||
| 500 | _aIncludes index. | ||
| 650 | _aArts. | ||
| 999 |
_c363750 _d363750 |
||